000 00984nam0a2200289 4500
001 RU\NLR\bibl\1160464
005 20260405143850.0
010 _a5-9713-4570-2
_bАСТ Москва
010 _a5-17-042451-5
_bАСТ
010 _a5-9762-2751-1
_97000
_bХранитель
021 _aRU
_b2007-72097
_93875
035 _a(NLR Aleph) 001147213
090 _a1454844
_c1454844
100 _a20071128d2007 |||y0rusy50 ca
101 1 _arus
_ceng
102 _aRU
105 _ay |||||||||
200 1 _aЕго тайные желания
_eроман
_fДж. Сент-Джайлз
_g[пер. с англ. Э.Г. Коновалова]
210 _aМосква
_cАСТ [и др.]
_d2007
215 _a283,[1] с.
_d21
225 1 _aСерия "Шарм"
700 1 _4070
_7ca
_8rus
_aСент-Джайлз
_bД.
_gДженнифер
_942472
_3RU\NLR\auth\7759541
801 0 _aRU
_bNLR
_c20071128
_gRCR
801 1 _aRU
_bNLR
_c20071128
942 _cBOOK
980 _aNB